000 00628nam a2200229Ia 4500
005 20250425162551.0
008 250425s9999 xx 000 0 und d
020 _a978019479057
041 _aeng
082 _a428.6
100 _aHANNAM, JOYCE
245 0 _aTHE DEATH OF KAREN SILKWOOD
250 _a1ST ED.
260 _aOXFORD
260 _aReino Unido
_bOXFORD UNIVERSITY PRESS
_c2008
300 _a56
650 _aCORPORACION KERR-MCGEE-FICCION
650 _aINDUSTRIA DEL URANIO - ESTADOS UNIDOS - NORMAS DE SEGURIDAD
650 _aSILKWOOD, KAREN, - 1946-1974 - FICCION
942 _c01
010 _a86119
999 _c231897
_d231897